Ultimate Geography Quiz Series - Level 3/10 - Statistics

General Stats
  • This quiz has been taken 117 times
  • The average score is 13 of 20
Answer Stats
Hint Answer % Correct
Kraków is located in what European country? Poland
86%
Long Island is a long island located in what country? This country also features a big island known as "the Big Island". United States
86%
What is the largest desert in the world? Antarctic Polar Desert
78%
What capital city is located near the city of Brazzaville? Kinshasa
77%
On what Greek island one can find the city of Chania? Crete
76%
What is the second-highest mountain in the world (by altitude above sea level)? K2
75%
Ko Phi Phi archipelago is located in what country? Thailand
73%
What country does France share its longest border with? Brazil
72%
What isolationist country in the Eastern Himalayas has diplomatic relations with only 54 other members of the United Nations? Bhutan
70%
What major Scottish city is located on the south shore of the Firth of Forth? Edinburgh
70%
The Aleppo Codex, a medieval bible manuscript, is named after a city in what modern-day country? Syria
70%
What capital city was previously known as Akmolinsk, Tselinograd, Akmola, and most recently Nur-Sultan? Astana
68%
What African lake is the second-largest freshwater lake by area? Lake Victoria
65%
What capital city is located south of the Caspian Sea? Tabriz and Mashhad are examples of other cities in its country. Tehran
65%
What Southeast Asian country do not use the metric system? Myanmar
64%
What is the only national flag that has a depiction of a purple parrot? Dominica
58%
What African island in the Indian Ocean consists of the southernmost point of the European Union? Réunion
53%
Besides France, what other European country has a major city named "Brest"? Belarus
49%
What African lake is the second-largest freshwater lake by volume and depth? Lake Tanganyika
38%
What is the most remote city with a population of over one million from the nearest city with a population of over one million? Auckland
26%
No matching quizzes found
Score Distribution
Percent of People with Each Score
Percentile by Number Answered
Your Score History
You have not taken this quiz